Statistics for Countries On The Golden Record (#QCC618)

Click here to take the quiz!

General Stats

  • This quiz has been taken 48 times
  • The average score is 19 of 26

Answers on the Map

Answers color-coded by a green-red scale on the quiz's map according to % correct below.
 

Answer Stats

PerformerTrackCountry% Correct
Bavarian State Opera Orchestra and ChorusThe Magic Flute, K. 620, Act II: Der Hölle Rache kocht in meinem HerzenAustria/Germany
100%
Munich Bach OrchestraBrandenburg Concerto No. 2 in F MajorGermany
100%
Arthur GrumiauxPartita for Violin Solo No. 3 in E MajorGermany/Belgium
100%
Glenn GouldThe Well-Tempered Clavier, Book II, Prelude and Fugue in C majorGermany/Canada
100%
Budapest String QuartetString Quartet No. 13: in B♭ major, Opus 130: V. CavatinaGermany/Hungary
100%
Louis Armstrong and His Hot SevenMelancholy BluesUnited States
98%
Chuck BerryJohnny B. GoodeUnited States
98%
Blind Willie JohnsonDark Was The Night, Cold Was The GroundUnited States
98%
Ambrose Roan Horse, Chester Roan, and Tom RoanNavajo Night Chant, Yeibichai DanceUnited States
98%
Guan PinghuLiu Shui (Flowing Streams)China/Taiwan
95%
Columbia Symphony Orchestra, Igor StravinskyThe Rite of Spring, Part II: The Sacrifice: VI. Sacrificial DanceRussia/France
93%
Early Music Consort of London/David MunrowThe Fairie RoundUnited Kingdom
84%
Gorō YamaguchiSokaku-Reibo (Depicting The Cranes In Their Nest)Japan
81%
Kesarbai KerkarBhairavi: Jaat Kahan HoIndia
79%
Antonio Maciel, Los Aguilillas, Mariachi ______ de Pepe VillaEl Cascabel (The Bell)Mexico
79%
Tom Djäwa, Mudpo, WaliparuBarnumbirr (Morning Star) and Moikoi SongAustralia
74%
Pura Paku Alaman Palace OrchestraKetawang: Puspåwårnå (Kinds of Flowers)Indonesia
70%
Musicians from AncashRoncadoras and DrumsPeru
53%
Unknown girl from HuancavelicaWedding SongPeru
53%
Mbuti musiciansAlima SongDemocratic Republic of the Congo
51%
Valya Balkanska, Lazar Kanevski, and Stephan ZahmanovIzlel ye Delyo HaydutinBulgaria
35%
Maniasinimae and Taumaetarau Chieftain Tribe of Oloha and Palasu'u Village CommunityNaranaratana Kookokoo (The Cry of the Megapode Bird)Solomon Islands
30%
Mahi musiciansCengunméBenin
28%
Pranis Pandang and KumbuiMariuamangɨPapua New Guinea
28%
Kamil JalilovMuğam (Çahargah ahəngi)Azerbaijan
21%
_______ State Merited Ensemble of Folk Song and DanceChakruloGeorgia
16%

Score Distribution

Percentile by Number Answered

Percent of People with Each Score

Your Score History

You have not taken this quiz